00496cam a2200181u 450000100060000000300080000600500170001400800410003103500190007204000330009104100080012408200200013210000340015224500540018626000320024030000220027260000200029425505BD-RjUL20211209050905.0140318s1929 enk 000 0aeng d a(BD-RjUL)25575 aDLCcCarPdDLCdBD-RjULbeng aeng00a822.9bGAP 19291 aGalsworthy, John,d1867-1933.04aThe plays of John Galsworthy /cJohn Galsworthy,  aLondon :bDuckworth,c1929. a1150 p. ;c24 cm. 0aJohn Galsworthy